[Event "The Blackthorne Irish Championship 2019"]
[Site "Talbot Stillorgan Hotel, Dublin, Ireland"]
[Date "2019.08.03"]
[Round "1"]
[Board "1"]
[White "Melaugh, Shane"]
[Black "Collins, Sam E."]
[Result "0-1"]
[WhiteElo "2077"]
[BlackElo "2448"]
[PlyCount "0"]
[EventDate "2019.08.03"]
[EventRounds "9"]
[EventCountry "IRL"]

1. e4 {[%clk 01:45:57]} {[%emt 00:00:02]} d6 {[%clk 01:43:31]} {[%emt
00:02:29]} 2. d4 {[%clk 01:46:19]} {[%emt 00:00:08]} Nf6 {[%clk 01:43:45]}
{[%emt 00:00:16]} 3. Nc3 {[%clk 01:46:38]} {[%emt 00:00:11]} e5 {[%clk
01:43:29]} {[%emt 00:00:45]} 4. dxe5 {[%clk 01:42:38]} {[%emt 00:04:32]} dxe5
{[%clk 01:43:02]} {[%emt 00:00:56]} 5. Qxd8+ {[%clk 01:42:26]} {[%emt
00:00:42]} Kxd8 {[%clk 01:43:25]} {[%emt 00:00:07]} 6. Bg5 {[%clk 01:42:00]}
{[%emt 00:00:56]} Be6 {[%clk 01:42:46]} {[%emt 00:01:08]} 7. O-O-O+ {[%clk
01:40:39]} {[%emt 00:01:52]} Nbd7 {[%clk 01:42:44]} {[%emt 00:00:32]} 8. f4
{[%clk 01:36:31]} {[%emt 00:04:37]} exf4 {[%clk 01:42:55]} {[%emt 00:00:19]} 9.
Nge2 {[%clk 01:23:23]} {[%emt 00:13:38]} h6 {[%clk 01:35:20]} {[%emt 00:08:05]}
10. Bxf6+ {[%clk 01:21:44]} {[%emt 00:02:10]} gxf6 {[%clk 01:35:39]} {[%emt
00:00:11]} 11. Nxf4 {[%clk 01:22:08]} {[%emt 00:00:05]} Bd6 {[%clk 01:35:47]}
{[%emt 00:00:23]} 12. Nxe6+ {[%clk 01:21:58]} {[%emt 00:00:41]} fxe6 {[%clk
01:36:10]} {[%emt 00:00:07]} 13. Bc4 {[%clk 01:20:59]} {[%emt 00:01:28]} Ke7
{[%clk 01:36:17]} {[%emt 00:00:22]} 14. Nb5 {[%clk 01:07:44]} {[%emt 00:13:46]}
Bf4+ {[%clk 01:31:18]} {[%emt 00:05:29]} 15. Kb1 {[%clk 01:08:06]} {[%emt
00:00:09]} c5 {[%clk 01:31:24]} {[%emt 00:00:23]} 16. g3 {[%clk 01:04:27]}
{[%emt 00:04:08]} Be5 {[%clk 01:29:51]} {[%emt 00:02:03]} 17. Rd2 {[%clk
00:59:15]} {[%emt 00:05:43]} a6 {[%emt 00:11:29]} 18. Rhd1 {[%clk 00:58:44]}
Rad8 {[%clk 01:15:27]} {[%emt 00:04:55]} 19. Na3 {[%clk 00:56:18]} {[%emt
00:02:56]} h5 {[%clk 01:12:50]} {[%emt 00:03:07]} 20. Bf1 {[%clk 00:55:09]}
{[%emt 00:01:39]} b5 {[%clk 01:11:11]} {[%emt 00:02:09]} 21. c3 {[%clk
00:53:15]} {[%emt 00:02:24]} h4 {[%clk 01:08:50]} {[%emt 00:02:51]} 22. g4
{[%clk 00:53:22]} {[%emt 00:00:23]} Bf4 {[%clk 01:05:31]} {[%emt 00:03:48]} 23.
Rf2 {[%clk 00:53:43]} {[%emt 00:00:09]} Be3 {[%clk 01:00:33]} {[%emt 00:05:28]}
24. Re2 {[%clk 00:53:01]} {[%emt 00:01:13]} Ne5 {[%clk 00:59:37]} {[%emt
00:01:25]} 25. Rxd8 {[%clk 00:52:14]} {[%emt 00:01:18]} Rxd8 {[%clk 01:00:00]}
{[%emt 00:00:07]} 26. Kc2 {[%clk 00:52:25]} {[%emt 00:00:19]} Bg5 {[%clk
00:58:12]} {[%emt 00:02:18]} 27. h3 {[%clk 00:51:53]} {[%emt 00:01:02]} Rd3
{[%clk 00:57:16]} {[%emt 00:01:25]} 28. Nb1 {[%clk 00:51:00]} {[%emt 00:01:24]}
Rf3 {[%clk 00:56:47]} {[%emt 00:00:58]} 29. Bg2 {[%clk 00:50:45]} {[%emt
00:00:46]} Rg3 {[%clk 00:56:51]} {[%emt 00:00:26]} 30. Nd2 {[%clk 00:44:48]}
{[%emt 00:06:27]} Bxd2 {[%clk 00:46:53]} {[%emt 00:10:28]} 31. Kxd2 {[%clk
00:44:01]} {[%emt 00:01:17]} Nd3 {[%clk 00:45:23]} {[%emt 00:02:00]} 32. Re3
{[%clk 00:41:44]} {[%emt 00:02:47]} Rxe3 {[%clk 00:44:40]} {[%emt 00:01:13]} 33.
Kxe3 {[%clk 00:42:06]} {[%emt 00:00:08]} Nxb2 {[%clk 00:44:54]} {[%emt
00:00:17]} 34. Bf1 {[%clk 00:42:16]} {[%emt 00:00:20]} e5 {[%clk 00:42:42]}
{[%emt 00:02:41]} 35. a3 {[%clk 00:41:55]} {[%emt 00:00:52]} c4 {[%clk
00:38:55]} {[%emt 00:04:16]} 36. Kd2 {[%clk 00:41:24]} {[%emt 00:01:01]} Kf7
{[%clk 00:38:57]} {[%emt 00:00:27]} 37. Be2 {[%clk 00:41:11]} {[%emt 00:00:44]}
Kg6 {[%clk 00:38:50]} {[%emt 00:00:37]} 38. g5 {[%clk 00:41:26]} {[%emt
00:00:15]} Kxg5 {[%clk 00:34:36]} {[%emt 00:04:43]} 39. Bg4 {[%clk 00:41:49]}
{[%emt 00:00:07]} Na4 {[%clk 00:34:10]} {[%emt 00:00:57]} 40. Bc8 {[%clk
00:42:13]} {[%emt 00:00:07]} Nc5 {[%clk 00:34:21]} {[%emt 00:00:18]} 41. Ke3
{[%clk 00:42:38]} {[%emt 00:00:06]} a5 {[%clk 00:34:12]} {[%emt 00:00:38]} 42.
Bf5 {[%clk 00:43:03]} {[%emt 00:00:05]} Na4 {[%clk 00:33:40]} {[%emt 00:01:02]}
43. Kd2 {[%clk 00:43:29]} {[%emt 00:00:05]} Kf4 {[%clk 00:33:34]} {[%emt
00:00:36]} 44. Bd7 {[%clk 00:43:44]} {[%emt 00:00:15]} Nc5 {[%clk 00:33:42]}
{[%emt 00:00:21]} 45. Bxb5 {[%clk 00:44:07]} {[%emt 00:00:08]} Nxe4+ {[%clk
00:34:05]} {[%emt 00:00:06]} 46. Kc2 {[%clk 00:44:30]} {[%emt 00:00:08]} Nd6
{[%clk 00:34:23]} {[%emt 00:00:11]} 47. Bd7 {[%clk 00:44:36]} {[%emt 00:00:24]}
Ke3 {[%clk 00:34:40]} {[%emt 00:00:12]} 48. Be6 {[%clk 00:45:01]} {[%emt
00:00:06]} f5 {[%clk 00:34:56]} {[%emt 00:00:13]}  0-1

[Event "The Blackthorne Irish Championship 2019"]
[Site "Talbot Stillorgan Hotel, Dublin, Ireland"]
[Date "2019.08.03"]
[Round "1"]
[Board "8"]
[White "Fox, Anthony"]
[Black "Brady, Stephen"]
[Result "1/2-1/2"]
[WhiteElo "2020"]
[BlackElo "2282"]
[PlyCount "0"]
[EventDate "2019.08.03"]
[EventRounds "9"]
[EventCountry "IRL"]

1. e4 {[%clk 01:45:57]} {[%emt 00:00:03]} d6 {[%clk 01:45:55]} {[%emt
00:00:05]} 2. d4 {[%clk 01:46:18]} {[%emt 00:00:10]} Nf6 {[%clk 01:46:20]}
{[%emt 00:00:06]} 3. Nc3 {[%clk 01:46:41]} {[%emt 00:00:06]} g6 {[%clk
01:46:44]} {[%emt 00:00:06]} 4. Nf3 {[%clk 01:46:56]} {[%emt 00:00:15]} Bg7
{[%clk 01:47:08]} {[%emt 00:00:06]} 5. Be2 {[%clk 01:47:05]} {[%emt 00:00:21]}
O-O {[%clk 01:47:30]} {[%emt 00:00:08]} 6. O-O {[%clk 01:47:25]} {[%emt
00:00:10]} a6 {[%clk 01:47:54]} {[%emt 00:00:06]} 7. a4 {[%clk 01:46:48]}
{[%emt 00:01:06]} Nc6 {[%clk 01:45:47]} {[%emt 00:02:37]} 8. Re1 {[%clk
01:39:17]} {[%emt 00:08:02]} Bg4 {[%clk 01:39:20]} {[%emt 00:06:57]} 9. Be3
{[%clk 01:38:40]} {[%emt 00:01:06]} e5 {[%clk 01:29:51]} {[%emt 00:09:59]} 10.
d5 {[%clk 01:34:18]} {[%emt 00:04:52]} Ne7 {[%clk 01:29:03]} {[%emt 00:01:18]}
11. h3 {[%clk 01:26:20]} {[%emt 00:08:29]} Bd7 {[%clk 01:25:44]} {[%emt
00:03:49]} 12. a5 {[%clk 01:24:22]} {[%emt 00:02:28]} Ne8 {[%clk 01:22:40]}
{[%emt 00:03:34]} 13. Qd2 {[%clk 01:09:14]} {[%emt 00:15:37]} f5 {[%clk
01:20:13]} {[%emt 00:02:58]} 14. exf5 {[%clk 01:01:07]} {[%emt 00:08:37]} gxf5
{[%clk 01:17:53]} {[%emt 00:02:50]} 15. Bh6 {[%clk 00:59:50]} {[%emt 00:01:46]}
Ng6 {[%clk 01:13:47]} {[%emt 00:04:36]} 16. Bxg7 {[%clk 00:58:26]} {[%emt
00:01:54]} Nxg7 {[%clk 01:05:57]} {[%emt 00:08:21]} 17. Bf1 {[%clk 00:57:32]}
{[%emt 00:01:25]} Qe7 {[%clk 00:56:28]} {[%emt 00:09:58]} 18. Ra3 {[%clk
00:49:30]} {[%emt 00:08:32]} Rae8 {[%clk 00:55:48]} {[%emt 00:01:10]} 19. Rb3
{[%clk 00:48:50]} {[%emt 00:01:09]} Bc8 {[%clk 00:56:10]} {[%emt 00:00:08]} 20.
Rb4 {[%clk 00:48:45]} {[%emt 00:00:35]} Kh8 {[%clk 00:53:42]} {[%emt 00:02:58]}
21. Ne2 {[%clk 00:33:09]} {[%emt 00:16:07]} Qf6 {[%clk 00:41:07]} {[%emt
00:13:05]} 22. Rc4 {[%clk 00:25:43]} {[%emt 00:07:56]} Re7 {[%clk 00:40:50]}
{[%emt 00:00:47]} 23. Rc3 {[%clk 00:23:29]} {[%emt 00:02:44]} Rg8 {[%emt
00:05:42]} 24. Rc4 {[%clk 00:23:02]} Ne8 {[%clk 00:28:35]} {[%emt 00:08:30]} 25.
Kh2 {[%clk 00:20:53]} {[%emt 00:02:39]} Reg7 {[%clk 00:28:33]} {[%emt
00:00:31]} 26. Qh6 {[%clk 00:19:56]} {[%emt 00:01:28]} e4 {[%clk 00:26:22]}
{[%emt 00:02:41]} 27. Ng3 {[%clk 00:11:09]} {[%emt 00:09:16]} exf3 {[%clk
00:13:29]} {[%emt 00:13:23]} 28. Nh5 {[%clk 00:11:24]} {[%emt 00:00:15]} Qf8
{[%clk 00:08:26]} {[%emt 00:05:33]} 29. Nxg7 {[%clk 00:10:39]} {[%emt
00:01:16]} Qxg7 {[%clk 00:07:59]} {[%emt 00:00:56]} 30. Qxg7+ {[%clk 00:10:36]}
{[%emt 00:00:33]} Kxg7 {[%clk 00:08:19]} {[%emt 00:00:11]} 31. gxf3 {[%clk
00:09:38]} {[%emt 00:01:28]} Kf8 {[%clk 00:08:20]} {[%emt 00:00:29]} 32. b4
{[%clk 00:05:39]} {[%emt 00:04:29]} Ne5 {[%clk 00:07:37]} {[%emt 00:01:12]} 33.
Rc3 {[%clk 00:05:53]} {[%emt 00:00:17]} Rg7 {[%clk 00:06:54]} {[%emt 00:01:13]}
34. Rd1 {[%clk 00:05:30]} {[%emt 00:00:52]} f4 {[%clk 00:04:08]} {[%emt
00:03:18]} 35. Rd4 {[%clk 00:05:11]} {[%emt 00:00:49]} Rf7 {[%clk 00:04:33]}
{[%emt 00:00:05]} 36. b5 {[%clk 00:04:58]} {[%emt 00:00:43]} Ke7 {[%clk
00:02:10]} {[%emt 00:02:53]} 37. Be2 {[%clk 00:04:34]} {[%emt 00:00:55]} Kd8
{[%clk 00:02:21]} {[%emt 00:00:18]} 38. Rb3 {[%clk 00:03:56]} {[%emt 00:01:08]}
Nd7 {[%clk 00:02:11]} {[%emt 00:00:41]} 39. bxa6 {[%clk 00:02:24]} {[%emt
00:02:01]} bxa6 {[%clk 00:02:39]} {[%emt 00:00:02]} 40. c4 {[%clk 00:02:34]}
{[%emt 00:00:20]} Ng7 {[%clk 00:02:14]} {[%emt 00:00:54]} 41. Rb1 {[%clk
00:00:59]} {[%emt 00:02:05]} Nc5 {[%clk 00:01:29]} {[%emt 00:01:16]} 42. Rb2
{[%clk 00:28:24]} {[%emt 00:03:05]} Rf6 {[%clk 00:26:55]} {[%emt 00:05:03]} 43.
Bf1 {[%clk 00:27:51]} {[%emt 00:01:03]} Nh5 {[%clk 00:24:44]} {[%emt 00:02:41]}
44. Be2 {[%clk 00:25:30]} {[%emt 00:02:51]} Rf5 {[%clk 00:24:36]} {[%emt
00:00:39]} 45. Bd3 {[%clk 00:24:26]} {[%emt 00:01:33]} Nxd3 {[%clk 00:24:34]}
{[%emt 00:00:33]} 46. Rxd3 {[%clk 00:24:49]} {[%emt 00:00:06]} Nf6 {[%clk
00:24:48]} {[%emt 00:00:16]} 47. Rd4 {[%clk 00:22:28]} {[%emt 00:02:51]} Nd7
{[%clk 00:25:12]} {[%emt 00:00:07]} 48. Rb1 {[%clk 00:21:05]} {[%emt 00:01:53]}
Ne5 {[%clk 00:24:58]} {[%emt 00:00:44]} 49. Rb3 {[%clk 00:21:19]} {[%emt
00:00:16]} Ng6 {[%clk 00:23:44]} {[%emt 00:01:44]} 50. Rb8 {[%clk 00:17:01]}
{[%emt 00:04:48]} Re5 {[%clk 00:17:31]} {[%emt 00:06:42]} 51. Re4 {[%clk
00:15:53]} {[%emt 00:01:38]} Rxe4 {[%clk 00:16:41]} {[%emt 00:01:21]} 52. fxe4
{[%clk 00:16:16]} {[%emt 00:00:07]} Ne5 {[%clk 00:17:06]} {[%emt 00:00:05]} 53.
Kg2 {[%clk 00:14:03]} {[%emt 00:02:42]} h5 {[%clk 00:12:53]} {[%emt 00:04:45]}
54. h4 {[%clk 00:11:55]} {[%emt 00:02:38]} c5 {[%clk 00:13:16]} {[%emt
00:00:06]} 55. dxc6 {[%clk 00:10:14]} {[%emt 00:02:11]} Kc7 {[%clk 00:13:40]}
{[%emt 00:00:06]} 56. Rb1 {[%clk 00:06:51]} {[%emt 00:03:53]} Kxc6 {[%clk
00:13:46]} {[%emt 00:00:24]} 57. f3 {[%clk 00:04:31]} {[%emt 00:02:50]} Nxc4
{[%clk 00:12:22]} {[%emt 00:01:54]} 58. Kf2 {[%clk 00:03:08]} {[%emt 00:01:53]}
Be6 {[%clk 00:07:03]} {[%emt 00:05:49]} 59. Rg1 {[%clk 00:01:43]} {[%emt
00:01:55]} Bf7 {[%clk 00:07:27]} {[%emt 00:00:06]} 60. Rg5 {[%clk 00:01:34]}
{[%emt 00:00:39]} Ne5 {[%clk 00:07:29]} {[%emt 00:00:28]} 61. Rf5 {[%clk
00:01:28]} {[%emt 00:00:36]} Bg6 {[%clk 00:07:50]} {[%emt 00:00:09]} 62. Rf6
{[%clk 00:01:20]} {[%emt 00:00:37]} Be8 {[%clk 00:07:30]} {[%emt 00:00:50]} 63.
Ke2 {[%clk 00:00:58]} {[%emt 00:00:53]} Ng6 {[%clk 00:05:46]} {[%emt 00:02:14]}
64. Rf5 {[%clk 00:01:20]} {[%emt 00:00:08]} Nxh4 {[%clk 00:06:10]} {[%emt
00:00:06]} 65. Rxf4 {[%clk 00:01:33]} {[%emt 00:00:17]} Ng6 {[%clk 00:06:34]}
{[%emt 00:00:07]} 66. Rf5 {[%clk 00:01:49]} {[%emt 00:00:13]} h4 {[%clk
00:06:50]} {[%emt 00:00:13]} 67. Kf2 {[%clk 00:01:46]} {[%emt 00:00:33]} Ne5
{[%clk 00:06:52]} {[%emt 00:00:28]} 68. Rf8 {[%clk 00:00:50]} {[%emt 00:01:27]}
Bd7 {[%clk 00:05:43]} {[%emt 00:01:39]} 69. f4 {[%clk 00:01:01]} {[%emt
00:00:19]} Nc4 {[%clk 00:04:49]} {[%emt 00:01:25]} 70. Rh8 {[%clk 00:01:10]}
{[%emt 00:00:20]} Kc5 {[%clk 00:04:06]} {[%emt 00:01:13]} 71. Rxh4 {[%clk
00:01:22]} {[%emt 00:00:18]} Kd4 {[%clk 00:04:13]} {[%emt 00:00:23]} 72. e5
{[%clk 00:00:56]} {[%emt 00:00:56]} dxe5 {[%clk 00:04:33]} {[%emt 00:00:10]} 73.
fxe5+ {[%clk 00:01:21]} {[%emt 00:00:05]} Kd5 {[%clk 00:04:57]} {[%emt
00:00:06]} 74. Rh6 {[%clk 00:00:32]} {[%emt 00:01:19]} Be6 {[%clk 00:05:13]}
{[%emt 00:00:14]} 75. Rh8 {[%clk 00:00:47]} {[%emt 00:00:15]} Nxe5 {[%clk
00:05:21]} {[%emt 00:00:22]} 76. Ra8 {[%clk 00:01:03]} {[%emt 00:00:14]} Nd3+
{[%clk 00:05:46]} {[%emt 00:00:04]} 77. Ke3 {[%clk 00:01:22]} {[%emt 00:00:12]}
Nc5 {[%clk 00:06:07]} {[%emt 00:00:09]} 78. Kd2 {[%clk 00:01:13]} {[%emt
00:00:39]} Kc4 {[%clk 00:06:30]} {[%emt 00:00:06]} 79. Ra7 {[%clk 00:00:48]}
{[%emt 00:00:56]} Bc8 {[%clk 00:06:43]} {[%emt 00:00:17]} 80. Rc7 {[%clk
00:01:08]} {[%emt 00:00:10]} Bd7 {[%clk 00:06:55]} {[%emt 00:00:19]} 81. Rxc5+
{[%clk 00:00:55]} {[%emt 00:00:43]} Kxc5 {[%emt 00:00:10]} 82. Kd3 {[%emt
00:01:22]}  1/2-1/2

[Event "The Blackthorne Irish Championship 2019"]
[Site "Talbot Stillorgan Hotel, Dublin, Ireland"]
[Date "2019.08.03"]
[Round "1"]
[Board "12"]
[White "Mirza, Diana"]
[Black "O'Gorman, Tom"]
[Result "1/2-1/2"]
[WhiteElo "1973"]
[BlackElo "2229"]
[PlyCount "0"]
[EventDate "2019.08.03"]
[EventRounds "9"]
[EventCountry "IRL"]

1. d4 {[%clk 01:45:56]} {[%emt 00:00:02]} Nf6 {[%clk 01:45:53]} {[%emt
00:00:08]} 2. Nf3 {[%clk 01:46:16]} {[%emt 00:00:10]} g6 {[%clk 01:46:18]}
{[%emt 00:00:06]} 3. Nbd2 {[%clk 01:46:32]} {[%emt 00:00:14]} Bg7 {[%clk
01:46:42]} {[%emt 00:00:06]} 4. e4 {[%clk 01:46:53]} {[%emt 00:00:09]} d6
{[%clk 01:47:06]} {[%emt 00:00:07]} 5. Bd3 {[%clk 01:47:10]} {[%emt 00:00:12]}
O-O {[%clk 01:47:27]} {[%emt 00:00:09]} 6. c3 {[%clk 01:47:14]} {[%emt
00:00:26]} Nc6 {[%clk 01:47:51]} {[%emt 00:00:07]} 7. O-O {[%clk 01:47:08]}
{[%emt 00:00:35]} e5 {[%clk 01:48:14]} {[%emt 00:00:08]} 8. Nb3 {[%clk
01:46:52]} {[%emt 00:00:45]} a5 {[%clk 01:48:37]} {[%emt 00:00:07]} 9. a4
{[%clk 01:46:56]} {[%emt 00:00:26]} Re8 {[%clk 01:49:00]} {[%emt 00:00:07]} 10.
Re1 {[%clk 01:43:15]} {[%emt 00:04:12]} exd4 {[%clk 01:45:25]} {[%emt
00:04:05]} 11. Nbxd4 {[%clk 01:42:01]} {[%emt 00:01:43]} Nd7 {[%clk 01:42:28]}
{[%emt 00:03:27]} 12. Bg5 {[%clk 01:39:12]} {[%emt 00:03:20]} Bf6 {[%clk
01:42:46]} {[%emt 00:00:12]} 13. Bxf6 {[%clk 01:38:20]} {[%emt 00:01:22]} Qxf6
{[%clk 01:43:12]} {[%emt 00:00:04]} 14. Nb5 {[%clk 01:36:43]} {[%emt 00:02:07]}
Qd8 {[%clk 01:43:35]} {[%emt 00:00:07]} 15. Bb1 {[%clk 01:25:41]} {[%emt
00:11:33]} Nde5 {[%clk 01:40:24]} {[%emt 00:03:41]} 16. Nfd4 {[%clk 01:19:40]}
Nxd4 {[%clk 01:29:32]} {[%emt 00:17:53]} 17. cxd4 {[%clk 01:18:30]} {[%emt
00:01:40]} Nc6 {[%clk 01:29:54]} {[%emt 00:00:08]} 18. Qc1 {[%clk 01:14:08]}
{[%emt 00:04:51]} Bd7 {[%clk 01:24:19]} {[%emt 00:06:06]} 19. Ra3 {[%clk
01:07:48]} {[%emt 00:06:50]} d5 {[%clk 01:17:21]} {[%emt 00:07:28]} 20. Rc3
{[%clk 01:02:20]} {[%emt 00:05:58]} Rc8 {[%clk 01:15:26]} {[%emt 00:02:24]} 21.
Qf4 {[%clk 00:53:28]} {[%emt 00:09:21]} dxe4 {[%clk 01:07:56]} {[%emt
00:08:01]} 22. d5 {[%clk 00:44:56]} {[%emt 00:09:02]} Ne5 {[%clk 01:07:24]}
{[%emt 00:01:01]} 23. Bxe4 {[%clk 00:43:57]} {[%emt 00:01:29]} Bxb5 {[%clk
01:06:01]} {[%emt 00:01:54]} 24. axb5 {[%clk 00:44:18]} {[%emt 00:00:10]} f5
{[%clk 01:01:02]} {[%emt 00:05:28]} 25. Bc2 {[%clk 00:28:58]} {[%emt 00:15:50]}
Nf3+ {[%clk 01:01:20]} {[%emt 00:00:13]} 26. gxf3 {[%clk 00:29:26]} {[%emt
00:00:01]} Rxe1+ {[%clk 01:01:40]} {[%emt 00:00:10]} 27. Kg2 {[%clk 00:29:55]}
{[%emt 00:00:01]} Re8 {[%clk 01:00:57]} {[%emt 00:01:13]} 28. Bb3 {[%clk
00:27:10]} {[%emt 00:03:15]} Qd6 {[%clk 01:01:20]} {[%emt 00:00:07]} 29. Qd4
{[%clk 00:25:08]} {[%emt 00:02:32]} Rcd8 {[%clk 00:58:27]} {[%emt 00:03:23]} 30.
Rxc7 {[%clk 00:22:14]} {[%emt 00:03:24]} Qxc7 {[%clk 00:55:33]} {[%emt
00:03:24]} 31. d6+ {[%clk 00:22:37]} {[%emt 00:00:07]} Qf7 {[%clk 00:56:00]}
{[%emt 00:00:03]} 32. Bxf7+ {[%clk 00:22:58]} {[%emt 00:00:09]} Kxf7 {[%clk
00:56:29]} {[%emt 00:00:02]} 33. Qd5+ {[%clk 00:20:09]} {[%emt 00:03:20]} Kf6
{[%clk 00:54:11]} {[%emt 00:02:46]} 34. Qxb7 {[%clk 00:15:54]} {[%emt
00:04:46]} Rxd6 {[%clk 00:52:47]} {[%emt 00:01:54]} 35. Qc7 {[%clk 00:15:25]}
{[%emt 00:00:59]} Ree6 {[%clk 00:51:33]} {[%emt 00:01:44]} 36. Qxh7 {[%clk
00:13:48]} {[%emt 00:02:06]} Ke5 {[%clk 00:34:17]} {[%emt 00:17:46]} 37. Qc7
{[%clk 00:13:16]} {[%emt 00:01:02]} Kd5 {[%clk 00:34:41]} {[%emt 00:00:06]} 38.
Qxa5 {[%clk 00:12:59]} {[%emt 00:00:47]} Rb6 {[%clk 00:35:09]} {[%emt
00:00:01]} 39. Qb4 {[%clk 00:11:52]} {[%emt 00:01:37]} Red6 {[%clk 00:32:49]}
{[%emt 00:02:50]} 40. b3 {[%clk 00:11:14]} {[%emt 00:01:10]} Ke6 {[%clk
00:26:44]} {[%emt 00:06:34]} 41. Qc4+ {[%clk 00:10:24]} {[%emt 00:01:21]} Kf6
{[%clk 00:15:34]} {[%emt 00:11:40]} 42. Qc5 {[%clk 00:09:51]} {[%emt 00:01:03]}
Re6 {[%clk 00:15:24]} {[%emt 00:00:40]} 43. Qf8+ {[%clk 00:07:37]} {[%emt
00:02:43]} Ke5 {[%clk 00:14:06]} {[%emt 00:01:46]} 44. Qc5+ {[%clk 00:07:51]}
{[%emt 00:00:18]}  1/2-1/2

[Event "The Blackthorne Irish Championship 2019"]
[Site "Talbot Stillorgan Hotel, Dublin, Ireland"]
[Date "2019.08.03"]
[Round "1"]
[Board "17"]
[White "Kanyamarala, Tarun"]
[Black "Haque, Mustakim-Ul"]
[Result "1-0"]
[WhiteElo "2142"]
[BlackElo "1947"]
[PlyCount "0"]
[EventDate "2019.08.03"]
[EventRounds "9"]
[EventCountry "IRL"]

1. d4 {[%clk 01:45:56]} {[%emt 00:00:03]} Nf6 {[%clk 01:38:34]} {[%emt
00:07:27]} 2. c4 {[%clk 01:44:54]} {[%emt 00:01:31]} g6 {[%clk 01:38:57]}
{[%emt 00:00:07]} 3. Nc3 {[%clk 01:45:01]} {[%emt 00:00:23]} Bg7 {[%clk
01:39:22]} {[%emt 00:00:05]} 4. e4 {[%clk 01:45:26]} {[%emt 00:00:06]} d6
{[%clk 01:39:49]} {[%emt 00:00:03]} 5. Nf3 {[%clk 01:45:40]} {[%emt 00:00:15]}
O-O {[%clk 01:40:14]} {[%emt 00:00:06]} 6. h3 {[%clk 01:45:56]} {[%emt
00:00:14]} e5 {[%clk 01:40:31]} {[%emt 00:00:13]} 7. d5 {[%clk 01:46:16]}
{[%emt 00:00:10]} Nh5 {[%clk 01:40:36]} {[%emt 00:00:24]} 8. g3 {[%clk
01:46:37]} {[%emt 00:00:09]} Na6 {[%clk 01:40:40]} {[%emt 00:00:27]} 9. Be3
{[%clk 01:44:52]} {[%emt 00:02:15]} f5 {[%clk 01:37:56]} {[%emt 00:03:14]} 10.
exf5 {[%clk 01:45:15]} {[%emt 00:00:07]} gxf5 {[%clk 01:38:18]} {[%emt
00:00:07]} 11. Qd2 {[%clk 01:42:52]} {[%emt 00:02:53]} f4 {[%clk 01:35:31]}
{[%emt 00:03:17]} 12. gxf4 {[%clk 01:43:16]} {[%emt 00:00:06]} Nxf4 {[%clk
01:35:52]} {[%emt 00:00:10]} 13. O-O-O {[%clk 01:42:10]} {[%emt 00:01:35]} Nb4
{[%clk 01:25:18]} {[%emt 00:11:04]} 14. Rg1 {[%clk 01:28:27]} {[%emt 00:14:13]}
Nbd3+ {[%clk 01:07:44]} {[%emt 00:18:04]} 15. Bxd3 {[%clk 01:23:10]} {[%emt
00:05:47]} Nxd3+ {[%clk 01:06:04]} {[%emt 00:02:10]} 16. Qxd3 {[%clk 01:23:34]}
{[%emt 00:00:05]} Rxf3 {[%clk 01:06:28]} {[%emt 00:00:07]} 17. Qe2 {[%clk
01:11:49]} {[%emt 00:12:15]} Rxh3 {[%clk 01:00:32]} {[%emt 00:06:25]} 18. f4
{[%clk 01:02:32]} {[%emt 00:09:47]} Bf5 {[%clk 00:50:18]} {[%emt 00:10:43]} 19.
fxe5 {[%clk 00:44:11]} {[%emt 00:18:52]} dxe5 {[%clk 00:49:11]} {[%emt
00:01:38]} 20. Bg5 {[%clk 00:33:00]} {[%emt 00:11:41]} Qe8 {[%clk 00:41:34]}
{[%emt 00:08:07]} 21. Nb5 {[%clk 00:24:49]} {[%emt 00:08:40]} Qf7 {[%clk
00:39:34]} {[%emt 00:02:29]} 22. d6 {[%clk 00:22:34]} {[%emt 00:02:46]} cxd6
{[%clk 00:30:33]} {[%emt 00:09:31]} 23. Nxd6 {[%clk 00:21:16]} {[%emt
00:01:47]} Qe6 {[%clk 00:30:40]} {[%emt 00:00:23]} 24. Nxf5 {[%clk 00:19:51]}
{[%emt 00:01:56]} Qxf5 {[%clk 00:31:03]} {[%emt 00:00:07]} 25. Rdf1 {[%clk
00:01:42]} {[%emt 00:18:39]} Qd3 {[%clk 00:27:03]} {[%emt 00:04:30]} 26. Qxd3
{[%clk 00:01:58]} {[%emt 00:00:14]} Rxd3 {[%clk 00:27:28]} {[%emt 00:00:05]} 27.
Bf6 {[%clk 00:01:59]} {[%emt 00:00:29]} Rd7 {[%clk 00:27:51]} {[%emt 00:00:07]}
28. Rd1 {[%clk 00:02:02]} {[%emt 00:00:26]} Rf7 {[%clk 00:27:35]} {[%emt
00:00:47]} 29. Bxe5 {[%clk 00:02:22]} {[%emt 00:00:11]} Raf8 {[%clk 00:27:15]}
{[%emt 00:00:49]} 30. Rg3 {[%clk 00:02:10]} {[%emt 00:00:42]} Kh8 {[%clk
00:27:28]} {[%emt 00:00:17]} 31. Rxg7 {[%clk 00:01:50]} {[%emt 00:00:50]} Rxg7
{[%clk 00:27:52]} {[%emt 00:00:06]} 32. Rd7 {[%clk 00:02:17]} {[%emt 00:00:03]}
Rfg8 {[%clk 00:28:14]} {[%emt 00:00:08]} 33. Rxb7 {[%clk 00:02:15]} {[%emt
00:00:33]} h5 {[%clk 00:28:33]} {[%emt 00:00:10]} 34. Kd2 {[%clk 00:01:08]}
{[%emt 00:01:36]} a5 {[%clk 00:16:36]} {[%emt 00:12:27]} 35. c5 {[%clk
00:01:21]} {[%emt 00:00:18]} h4 {[%clk 00:15:57]} {[%emt 00:01:09]} 36. c6
{[%clk 00:01:16]} {[%emt 00:00:35]} h3 {[%clk 00:15:39]} {[%emt 00:00:48]} 37.
Rxg7 {[%clk 00:01:32]} {[%emt 00:00:14]} Rxg7 {[%clk 00:15:58]} {[%emt
00:00:11]} 38. c7 {[%emt 00:02:09]}  1-0